The incorporated benevolent fund of the Surveyors' Institution committees report and balance sheet for the year 1917-1918. To June 30th 1918. (Record no. 99823)

MARC details
000 -LEADER
fixed length control field 00496cam a22001575a 4500
001 - CONTROL NUMBER
control field J100776
008 - FIXED-LENGTH DATA ELEMENTS--GENERAL INFORMATION
fixed length control field 000000s1919 xxk 000 0 eng u
035 ## - SYSTEM CONTROL NUMBER
System control number (Sirsi) u100776
110 ## - MAIN ENTRY--CORPORATE NAME
Corporate name or jurisdiction name as entry element Surveyors' Institution
9 (RLIN) 3783
245 04 - TITLE STATEMENT
Title The incorporated benevolent fund of the Surveyors' Institution committees report and balance sheet for the year 1917-1918. To June 30th 1918.
260 ## - PUBLICATION, DISTRIBUTION, ETC.
Date of publication, distribution, etc. 1919
300 ## - PHYSICAL DESCRIPTION
Extent 12p.
651 #4 - SUBJECT ADDED ENTRY--GEOGRAPHIC NAME
Geographic name United Kingdom
Chronological subdivision
690 ## - LOCAL SUBJECT ADDED ENTRY--TOPICAL TERM (OCLC, RLIN)
Topical term or geographic name as entry element Business and management
942 ## - ADDED ENTRY ELEMENTS (KOHA)
Suppress in OPAC 0
Holdings
Withdrawn status Lost status Source of classification or shelving scheme Damaged status Not for loan Home library Current library Shelving location Date acquired Total Checkouts Full call number Barcode Date last seen Copy number Price effective from Koha item type
    Dewey Decimal Classification     Historic collection Historic collection RICS Boxes 26/10/1999   RICS 1919 30059685 06/08/2019 1 06/08/2019 Archive